Missing Word: Drinking Songs Quiz Stats

Quiz Updated Dec 1, 2014

Challenge
Share
Tweet
Embed
Score 0/18 Timer 03:00
0 Plays Today
Song Title Drink % Correct
Red Red ______Wine
94.1%
Escape (The PiƱa ______ Song)Colada
90.6%
______ SunriseTequila
87.4%
______ In The JarWhiskey
74.7%
______ AgoBeers
67.7%
Gin And ______Juice
66.5%
______ SupernovaChampagne
61.9%
______ For TwoTea
59.9%
One Mint ______Julep
58.1%
Song Title Drink % Correct
Poprocks And ______Coke
45.3%
One ______, One Scotch, One BeerBourbon
45.1%
Black ______ in BedCoffee
40.4%
Orange ______Crush
40.1%
Cocaine and ______Gin
38.1%
A ______ TaleRum
37.8%
Strange ______Brew
36.5%
Pork ______Soda
32.4%
Pass The ______ Part IICourvoisier
7.6%

Today's Daily Dose

Word Ladder
KISS Hit

On This Day
January 22nd

You're not logged in!

Compare scores with friends on all Sporcle quizzes.
Sign Up with Email
OR
Log In

You Might Also Like...

Show Comments

Extras

Top Quizzes Today


Score Distribution

Your Account Isn't Verified!

In order to create a playlist on Sporcle, you need to verify the email address you used during registration. Go to your Sporcle Settings to finish the process.